| 000 | 00561nam a2200181Ia 4500 | ||
|---|---|---|---|
| 003 | IN-BaIIA | ||
| 008 | 211028s9999 xx 000 0 eng d | ||
| 040 | _cIIA Library | ||
| 080 |
_a535.22 _bDOR |
||
| 100 |
_aDorsey, N Ernest _92427 |
||
| 245 | 0 |
_aVelocity of light _cN Ernest Dorsey |
|
| 260 |
_aPhiladelphia _bThe American Philosophical Society _c1944 |
||
| 300 | _a109p. | ||
| 490 | _aTransaction of the American philosophical society; v. 33 | ||
| 650 |
_aLight _92428 |
||
| 650 | _aNASA Thesaurus | ||
| 942 | _cBK | ||
| 999 |
_c1157 _d1157 |
||